| 000 | 00470nam a2200193Ia 4500 | ||
|---|---|---|---|
| 008 | 210210b2020 xxu||||| |||| 00| 0 eng d | ||
| 020 | _a9789385682247 | ||
| 041 | _aeng | ||
| 082 | _a657.48 NAYF | ||
| 100 | _aNAYAK (Karunakar A) | ||
| 245 | _aFinancial accounting III | ||
| 260 |
_aMangalore _bUnited Agencies _c2020 |
||
| 300 | _avi, 244 | ||
| 650 | _aIII | ||
| 650 | _aFinancial | ||
| 650 | _aaccounting | ||
| 690 | _aFinancial Accounting | ||
| 906 | _a074404 | ||
| 999 |
_c124955 _d124955 |
||